Statistics for 100 Biggest Cities in Belgium

Click here to take the quiz!

General Stats

  • This quiz has been taken 1,455 times
  • The average score is 30 of 100

Answer Stats

Rank Population City % Correct
11,019,000Brussels
99%
2460,000Antwerp
98%
3231,000Ghent
94%
5183,000Liège
92%
6117,000Bruges
91%
4200,000Charleroi
83%
7106,000Namur
79%
893,000Leuven
78%
1864,000Genk
72%
1469,000Hasselt
71%
1178,000Mechelen
70%
991,000Mons
69%
1569,000Ostend
69%
1374,000Kortrijk
66%
7226,000Arlon
55%
1078,000Aalst
53%
3835,000Ypres
51%
4234,000Knokke-Heist
50%
4732,000Wavre
48%
2640,000Turnhout
44%
1768,000Tournai
42%
2056,000Roeselare
40%
3038,000Lokeren
40%
2443,000Dendermonde
39%
3636,000Waregem
39%
2938,000Sint-Truiden
39%
3337,000Vilvoorde
39%
4633,000Mol
38%
4533,000Lier
37%
4035,000Geel
37%
2153,000Verviers
36%
1277,000La Louvière
36%
2345,000Beveren
36%
5830,000Tongeren
33%
5132,000Tienen
32%
4134,000Halle
31%
2252,000Mouscron
30%
9523,000Diest
30%
6628,000Oudenaarde
30%
6030,000Waterloo
29%
6728,000Aarschot
29%
4932,000Lommel
29%
6528,000Zaventem
28%
5431,000Geraardsbergen
27%
3536,000Maasmechelen
26%
3935,000Ninove
25%
7526,000Herentals
24%
5930,000Deinze
24%
6230,000Louvain-la-Neuve
24%
1961,000Seraing
22%
8224,000Ronse
22%
8324,000Nivelles
21%
3237,000Brasschaat
20%
8524,000Maaseik
19%
9323,000Saint-Nicolas
19%
2541,000Beringen
19%
6927,000Ath
18%
8124,000Zottegem
17%
2838,000Heist-op-den-Berg
17%
9423,000Westerlo
16%
4434,000Grimbergen
16%
9023,000Wetteren
15%
5032,000Menen
14%
8025,000Mortsel
14%
6429,000Asse
14%
4334,000Schoten
14%
7326,000Temse
13%
7426,000Harelbeke
13%
9822,000Maldegem
12%
6827,000Ans
12%
4832,000Binche
12%
3138,000Braine-l'Alleud
12%
6130,000Bilzen
12%
7126,000Izegem
11%
5331,000Wevelgem
11%
7026,000Kapellen
11%
3437,000Herstal
11%
2739,000Dilbeek
11%
7925,000Lanaken
11%
5730,000Houthalen
11%
9223,000Willebroek
10%
10022,000Merelbeke
10%
9123,000Hamme
9%
8723,000Overijse
9%
7626,000Brecht
9%
5232,000Evergem
9%
3735,000Châtelet
8%
1669,000Sint-Niklass
8%
5530,000Sint-Pieters-Leeuw
7%
8424,000Andenne
6%
7825,000Soignies
6%
5630,000Helchteren
6%
8823,000Zwevegem
5%
6329,000Courcelles
5%
9722,000Manage
5%
8923,000Beersel
4%
9922,000Fleurus
4%
7725,000Flémalle-Haute
3%
8624,000Oupeye
3%
9623,000Saint-Gislain
2%

Score Distribution

Percentile by Number Answered

Percent of People with Each Score

Your Score History

You have not taken this quiz